Quiz des Logos de Marques #3. - Statistiques

Statistiques générales
  • Ce quiz a été pris 2 895 fois
  • Le résultat moyen est 20 sur 40
Statistiques - réponses
Par images Réponse % Correct
Netflix
98%
Messenger
93%
Jaguar
91%
Cristaline
89%
Discord
88%
Orangina
86%
Snickers
85%
Decathlon
81%
Joker
76%
Pringles
73%
Dove
72%
Seat
71%
Teams
67%
Capri-Sun
62%
Rolls Royce
60%
Tropicana
60%
Barilla
57%
Kellogg's
57%
Ralph Lauren
57%
Rockstar
56%
Arizona
53%
Subaru
49%
Jeep
43%
Cupra
38%
Miko
38%
Lu
35%
Diesel
32%
Volvo
30%
Viber
24%
Valentino
23%
Macron
19%
Tassimo
19%
Quechua
18%
Maybach
16%
Quora
16%
Joma
14%
Uhlsport
8%
Purina
5%
Likee
4%
Stack Exchange
1%
Aucun quiz correspondant
Distribution des résultats
% des personnes avec chaque résultat
Percentile par nombre de réponses
Votre historique - résultats
Vous n’avez pas pris ce quiz